01749nam a2200385 a 4500001001200000003000800012006001900020007001500039008004100054010001700095020002800112020001800140020002700158040002100185035002100206050002400227082001500251245016300266250001600429260004800445300001900493490009200512500018900604504005300793533015200846650003600998650003001034655002901064700003101093700003001124700001801154710001701172830004801189856012601237ebr10598447CaPaEBRm u cr cn|||||||||920221s1992 gw a sb 101 0 eng d z 92004832  z3110128802 (alk. paper) z9783110128802 z9783110870084 (e-book) aCaPaEBRcCaPaEBR a(OCoLC)82366327614aB824.6b.E44 1992eb04a146/.322000aEmergence or reduction?h[electronic resource] :bessays on the prospects of nonreductive physicalism /cedited by Ansgar Beckermann, Hans Flohr, Jaegwon Kim. aLibrary ed. aBerlin ;aNew York :bW. de Gruyter,c1992. a315 p. :bill.1 aGrundlagen der Kommunikation und Kognition = Foundations of communication and cognition a"Most of the papers included in this volume were originally presented at a conference ... held in Oct. 1990, at the Center for Interdisciplinary Research in Bielefeld, Germany."--Pref. aIncludes bibliographical references and indexes. aElectronic reproduction.bPalo Alto, Calif. :cebrary,d2011.nAvailable via World Wide Web.nAccess may be limited to ebrary affiliated libraries. 0aLogical positivismvCongresses. 0aReductionismvCongresses. 7aElectronic books.2local1 aBeckermann, Ansgar,d1945-1 aFlohr, H.q(Hans),d1936-1 aKim, Jaegwon.2 aebrary, Inc. 0aFoundations of communication and cognition.40uhttp://site.ebrary.com/lib/rucke/Doc?id=10598447zAn electronic book accessible through the World Wide Web; click to view